Hand book of Textiles (Record no. 2315)

MARC details
000 -LEADER
fixed length control field 00321nam a2200133Ia 4500
008 - FIXED-LENGTH DATA ELEMENTS--GENERAL INFORMATION
fixed length control field 191201s1998 xx 000 0 und d
082 ## - DEWEY DECIMAL CLASSIFICATION NUMBER
Classification number 677
Item number BAH
100 ## - MAIN ENTRY--PERSONAL NAME
Personal name Barker, A F
245 #0 - TITLE STATEMENT
Title Hand book of Textiles
260 ## - PUBLICATION, DISTRIBUTION, ETC. (IMPRINT)
Place of publication, distribution, etc N.Delhi
Name of publisher, distributor, etc Abhishek Publications
Date of publication, distribution, etc 1998
300 ## - PHYSICAL DESCRIPTION
Extent 369
650 ## - SUBJECT ADDED ENTRY--TOPICAL TERM
Topical term or geographic name as entry element B.Tech(TE)
942 ## - ADDED ENTRY ELEMENTS (KOHA)
Source of classification or shelving scheme Dewey Decimal Classification
Koha item type Text Books
Holdings
Withdrawn status Lost status Source of classification or shelving scheme Damaged status Not for loan Collection code Home library Current library Date acquired Source of acquisition Cost, normal purchase price Bill Number Total Checkouts Full call number Acc. no. / Barcode Date last seen Bill Date Koha item type Checked out Date last borrowed
    Dewey Decimal Classification     B.Tech(TE) PIET C-LIBRARY PIET C-LIBRARY 29/08/2006 Abhishek Publications 950.00 7985   677 BAH 4926 04/12/2019 10/02/2006 Text Books    
    Dewey Decimal Classification     B.Tech(TE) PIET C-LIBRARY PIET C-LIBRARY 29/08/2006 Abhishek Publications 950.00 7985   677 BAH 4927 04/12/2019 10/02/2006 Text Books    
    Dewey Decimal Classification     B.Tech(TE) PIET C-LIBRARY PIET C-LIBRARY 29/08/2006 Abhishek Publications 950.00 7985   677 BAH 4928 04/12/2019 10/02/2006 Text Books    
    Dewey Decimal Classification     B.Tech(TE) PIET C-LIBRARY PIET C-LIBRARY 29/08/2006 Abhishek Publications 950.00 7985 1 677 BAH 4929 18/11/2023 10/02/2006 Text Books 16/05/2024 18/11/2023
    Dewey Decimal Classification     B.Tech(TE) PIET C-LIBRARY PIET C-LIBRARY 29/08/2006 Abhishek Publications 950.00 7985   677 BAH 4930 04/12/2019 10/02/2006 Text Books    

Design & Developed by: PIET Central Library
R70 Miles Stone Pattikalyana Samalkha Panipat 132102
mail ID :- [email protected], Phone No:- 0180-2569700 Ex.216